00259nam a2200097Ia 4500008004100000041000800041082002700049100001700076245005100093260001700144230411s9999 xx 000 0 und d aeng aDI/610.7369/MEE/B03629 aSharma Meenu aAIDS awareness through community participation bKalpazc2006